Представление документа в формате MARC21

Поле Инд. ПП Название Значение
Тип записи a
Библиографический уровень m
001 Контрольный номер RU/IS/BASE/230818586
005 Дата корректировки 20220805121049.6
040 b Код языка каталог. rus
041 a Код языка текста rus
080 a Индекс УДК 004.42
084 a Индекс другой классификации/Индекс ББК 32.973.26-018.2
090 a Полочн. индекс 681.3
c Каталожный индекс 681.3.06
x Авторский знак В52
097 b Оператор 12
100 a Автор Вирт Н.
245 a Заглавие Систематическое программирование
b Продолж. заглавия введение
c Ответственность пер. с англ. В. С. Штаркмана ; под ред. Ю.М.Баяковского
260 a Место издания М.
b Издательство Мир
c Дата издания 1977
300 a Объем 183 с.
b Иллюстрации/ тип воспроизводства ил.
440 a Серия Математическое обеспечение ЭВМ
510 a Примечание о ссылках Книги и методические пособия
650 a Основная рубрика 50.05 Теоретические основы программирования
x Основная подрубрика 50.05.17 Теоретические основы системного программного обеспечения
653 a Ключевые слова программирование; цифровые вычислительные машины
901 t Тип документа m